000
00314nam a2200145Ia 4500
003
OSt
008
191201s2019 xx 000 0 und d
082
_a
174.4
_b
FEB
100
_a
FERRELL, O C
245
0
_a
Business Ethics
260
_b
Cengage Learning
_c
2019
300
_a
514
650
_a
MBA
942
_2
ddc
_c
BK
999
_c
6921
_d
6921